000 02073ngm a2200469 a 4500
001 vtls003229807
003 MY-SjTCS
005 20200226115115.0
007 vd cvacrz
008 120315s2011 cau102 |00 vleng d
039 9 _a201203161715
_bwilmina
_y201203151654
_zmalathy
043 _aa-th---
082 0 4 _a791.4372
_bHAN 2011
245 0 4 _aThe hangover part II
_h[videorecording] /
_cWarner Bros. Pictures presents ; in association with Legendary Pictures ; a Green Hat Films production ; written by Craig Mazin & Scot Armstrong & Todd Phillips ; produced by Todd Phillips, Dan Goldberg ; directed by Todd Phillips.
246 3 _aHangover part 2
246 3 _aHangover II
246 3 _aHangover 2
260 _aBurbank, CA :
_bWarner Home Video,
_cc2011.
300 _a1 videodisc (102 min.) :
_bsd., col. ;
_c4 3/4 in.
508 _aMusic, Christophe Beck ; editors, Debra Neil-Fisher, Mike Sale ; director of photography, Lawrence Sher.
511 1 _aBradley Cooper, Ed Helms, Zach Galifianakis, Ken Jeong, Jeffrey Tambor, Justin Bartha, Paul Giamatti.
520 _aFour friends, Phil, Stu, Alan, and Doug, jet to Thailand for Stu's wedding. Stu's plan for a subdued pre-wedding brunch, however, goes seriously awry.
538 _aDVD ; widescreen presentation ; Dolby digital 5.1 surround.
546 _aIn English with subtitles English, Cantonese, Complex Chinese & Korean
650 0 _aBridegrooms
_zThailand
_zBangkok
_vDrama.
650 0 _aBrunches
_zThailand
_zBangkok
_vDrama.
650 0 _aWeddings
_vDrama.
700 1 _aPhillips, Todd,
_d1970-
700 1 _aGoldberg, Danny,
_d1950-
700 1 _aMazin, Craig,
_d1971-
700 1 _aArmstrong, Scot.
700 1 _aCooper, Bradley.
_959894
700 1 _aHelms, Ed.
700 1 _aGalifianakis, Zach.
700 1 _aBeck, Christophe,
_d1972-
700 1 _aNeil-Fisher, Debra.
700 1 _aSher, Lawrence,
_d1970-
710 2 _aWarner Home Video (Firm)
_913225
710 2 _aWarner Bros. Pictures (1969- )
_929935
710 2 _aLegendary Pictures.
_959907
920 _aSABD :
999 _c143343